000 00777nam a2200229Ia 4500
003 GCL
005 20240530103109.0
008 140319s9999 xx 000 0 ara d
040 _aGCL /
_cGCL
082 0 4 _a811.009
_bم ظ
100 1 _aمحمد حماسة عبداللطيف
245 1 0 _aظواهر نحوية فى الشعر الحر: دراسة نصية فى شعر صلاح عبد الصبور /
_cمحمد حماسة عبداللطيف
260 _a[S.N] :
_bمكتبة الخانجى ،
_c1990
300 _a164 ص
650 0 4 _aالشعر العربى
650 0 4 _aالادب العربى
650 0 4 _aالادب
650 0 4 _aالاوزان الشعرية
650 0 4 _aصلاح عبدالصبور
650 0 4 _aتاريخ ونقد
942 _2ddc
_cBK
999 _c36805
_d36805